Futuro pasado: para una semántica de los tiempos históricos
Guardat en:
| Autor principal: | |
|---|---|
| Format: | Llibre |
| Idioma: | espanyol |
| Publicat: |
Barcelona
Paidós
1993
|
| Edició: | 1a. ed |
| Col·lecció: | Básica, 61
|
| Matèries: | |
| Etiquetes: |
Afegir etiqueta
Sense etiquetes, Sigues el primer a etiquetar aquest registre!
|
MARC
| LEADER | 00000nam a2200000 a 4500 | ||
|---|---|---|---|
| 001 | UCK4517 | ||
| 003 | CL-VaPUC | ||
| 008 | 050610e19930000SP |||||||||||||||||spa|d | ||
| 020 | |a 847509905X | ||
| 082 | 0 | 4 | |a 901 |b KOS |2 21 |
| 100 | |a Koselleck, Reinhart |e author |9 601819 | ||
| 245 | 1 | 0 | |a Futuro pasado: para una semántica de los tiempos históricos |
| 250 | |a 1a. ed | ||
| 300 | |a 368 p | ||
| 942 | |c BK | ||
| 945 | |d 20050610 00:00:00 |a cmena | ||
| 260 | |a Barcelona |b Paidós |c 1993 | ||
| 650 | 0 | |a Filosofía de la historia |9 265651 | |
| 650 | 0 | |a Historiografía |9 257871 | |
| 650 | 0 | |a Semántica Filosofía |9 258278 | |
| 650 | 7 | |a TERMINOLOGIA |2 CL-VaPUC |9 254881 | |
| 583 | |a last modification |c 20050610 00:00:00 |k Rodrigo Vera | ||
| 490 | 0 | |a Básica, 61 | |
| 999 | |c 313348 |d 313346 | ||
| 952 | |0 0 |1 0 |4 0 |6 901_000000000000000_KOS_1993 |7 0 |8 A |9 384662 |a FDOPOS |b FDOPOS |d 2019-11-22 |i 4123972 |o 901 KOS 1993 |p 4123972 |r 2025-01-22 |w 2019-11-22 |y BK |k MLH | ||